West Ham Squad 2020-21 - Statistics

General Stats
  • This quiz has been taken 46 times
  • The average score is 17 of 27
Answer Stats
Position Number Country Answer % Correct
GK 1 Poland Lukasz Fabianski
100%
CB 21 Italy Angelo Ogbonna
91%
CDM 41 England Declan Rice
86%
RM/RW 20 England Jarrod Bowen
86%
CAM 10 Argentina Manuel Lanzini
83%
ST 30 England Michail Antonio
83%
CDM 28 Czechia Tomas Soucek
83%
RM/RW 7 Ukraine Andriy Yarmolenko
80%
GK 35 Ireland Darren Randolph
80%
RB 5 Czechia Vladmir Coufal
80%
CM 16 England Mark Noble
77%
LB 26 DR Congo Arthur Masuaku
74%
LM/CAM/RM 18 Spain Pablo Fornals
74%
CB 3 England Aaron Cresswell
71%
ST 22 France Sebastien Haller
71%
CB 4 Paraguay Fabian Balbuena
69%
CB 23 France Issa Diop
66%
RB 24 England Ryan Fredericks
66%
LB/RB 31 England Ben Johnson
60%
GK 25 England David Martin
60%
RM/RW 11 England Robert Snodgrass
46%
RB 50 Scotland Harrison Ashby
37%
GK 34 England Nathan Trott
37%
CDM 54 Ireland Conor Coventry
34%
CB 29 Portugal Goncalo Cardoso
23%
CB 42 England Ajibola Alese
17%
LW 56 England Emmanuel Longelo
6%
No matching quizzes found
Score Distribution
Percent of People with Each Score
Percentile by Number Answered
Your Score History
You have not taken this quiz